Des-armando escuelas /
Guardado en:
| Autor Principal: | |
|---|---|
| Otros Autores: | |
| Formato: | Libro |
| Publicado: |
Buenos Aires :
Paidós,
2013
|
| Series: | Voces de la Educación / Rosa Rottemberg
|
| Materias: | |
| Etiquetas: |
Agregar Etiqueta
Sin Etiquetas, Sea el primero en etiquetar este registro!
|
| LEADER | 01320nam a22002415a 4500 | ||
|---|---|---|---|
| 001 | CEM.cems014090 | ||
| 005 | 20130909160629.0 | ||
| 008 | 130507s2013##################000#0#####d | ||
| 003 | CEMS | ||
| 020 | |a 9789501215410 | ||
| 082 | 0 | 4 | |a 370 |
| 100 | 1 | |a Duschatzky, Silvia | |
| 245 | 1 | 0 | |a Des-armando escuelas / |c Silvia Duschatzky y Elina Aguirre |
| 260 | |a Buenos Aires : |b Paidós, |c 2013 | ||
| 300 | |a 195 p. | ||
| 490 | 0 | |a Voces de la Educación / Rosa Rottemberg | |
| 505 | 0 | |a Hoy las escuelas exhiben problemáticas cuasi existenciales. No se trata de un existencialismo que brota del interrogante por el gran sentido, sino de cuestiones que rozan el corazón de lo social. La escuela de la que aquí se habla, o desde la que aquí se habla, no es ya una idea, o un proyecto, o una promesa, sino que es más bien algo que sucede, o algo que nos pasa, una escuela sentida, conversada, pensada, una escuela que no se sabe sino que se crea a cada instante y que no se habita desde la reiteración monótona desus objetivos, o de sus fines, o de sus tareas, o de sus prescripciones, sino desde la emergencia de sus aconteceres | |
| 653 | |a Educación | ||
| 653 | |a Pedagogía | ||
| 653 | |a Escuelas | ||
| 653 | |a Teoría educativa | ||
| 700 | 1 | |a Aguirre, Elina | |
| 859 | |a CEMS |b BIB. CEMS - 11 de abril |h 370 |i D943-1 |p 26712.13 |t Ej.1 | ||
